Hướng dẫn thực hành chế độ kế toán doanh nghiệp nhỏ và vừa, bài tập và lập báo cáo tài chính
v..v
Đã lưu trong:
| Tác giả chính: | |
|---|---|
| Định dạng: | Sách |
| Năm xuất bản: |
H.
Tài chính
2007
|
| Chủ đề: | |
| Tags: |
Thêm thẻ
Không có thẻ, Hãy là người đầu tiên gắn thẻ bản ghi này!
|
| LEADER | 00712nam a2200193 4500 | ||
|---|---|---|---|
| 082 | |a 657.9 |b PH104H | ||
| 100 | |a Phạm Huy Đoán | ||
| 245 | |a Hướng dẫn thực hành chế độ kế toán doanh nghiệp nhỏ và vừa, bài tập và lập báo cáo tài chính |c Phạm Huy Đoán | ||
| 260 | |a H. |b Tài chính |c 2007 | ||
| 300 | |a 504 tr |c 27 cm | ||
| 520 | |a v..v | ||
| 653 | |a Kế toán | ||
| 653 | |a Kế toán doanh nghiệp | ||
| 653 | |a Thực hành | ||
| 653 | |a Bài tập | ||
| 653 | |a Báo cáo tài chính | ||
| 942 | |2 ddc |c SH | ||
| 999 | |c 7519 |d 7519 | ||
| 952 | |0 0 |1 0 |2 ddc |4 0 |6 657_900000000000000_PH104H |7 0 |8 600 |9 67927 |a qbu |b qbu |c D3 |d 2015-02-13 |g 150000 |o 657.9 PH104H |p 7116.c1 |r 0000-00-00 |w 2015-02-13 |y SH | ||